| 000 | 01117 a2200205 4500 | ||
|---|---|---|---|
| 001 | 43776 | ||
| 005 | 20260407155718.0 | ||
| 008 | 260407a1966 arg spa d | ||
| 003 | AR-UNSa-BCEJYS | ||
| 040 |
_aAR-UNSa-BCEJYS _bspa _cAR-UNSa-BCEJYS |
||
| 080 |
_a330.101 _xCiencia económica en general. La economía y sus problemas. Objeto y métodos de la economía política |
||
| 245 | 1 | 0 | _aEconomía política |
| 264 | 1 |
_aMéxico : _bFondo de Cultura Económica _c1966 |
|
| 300 |
_a332 p. _c21 cm. |
||
| 505 | _aVol. I: Problemas generales. 1. Objetivo de la economía política. Nociones preliminares - 2. Los modos de producción y las formaciones sociales. La concepción materialista de la historia - 3. Las leyes económicas - 4. El método de la economía política - 5. El principio de la racionalidad económica. Economía y praxeología - 6. Las concepciones subjetivista e histórica en la economía política - 7. Condicionamiento social y papel social del conocimiento científico en economía | ||
| 041 | _aspa | ||
| 942 | _cBK | ||
| 590 | _aniveau_biblio:m niveau_hierar:0 | ||
| 100 | 1 | _aLange, Oskar | |
| 999 |
_c3708 _d3708 |
||